| Tag |
First Indicator |
Second Indicator |
Subfields |
| LEADER |
00000cam a22000008a 4500 |
| 001 |
in00000782321 |
| 005 |
20151017060108.0 |
| 008 |
881201s1988 wb a b 00000 eng |
| 010 |
|
|
|a 88034415
|
| 020 |
|
|
|a 0387506950 (U.S.)
|
| 035 |
|
|
|a (OCoLC)18948183
|
| 035 |
|
|
|9 ADM2715AM
|
| 040 |
|
|
|a DLC
|c DLC
|d TXA
|d UtOrBLW
|
| 049 |
|
|
|a TXAM
|c [A11899794]
|
| 050 |
0 |
0 |
|a QA76.76.R44
|b S66 1988
|
| 082 |
0 |
|
|a 005
|2 19
|
| 245 |
0 |
0 |
|a Software reliability modelling and identification /
|c Sergio Bittanti, ed.
|
| 263 |
|
|
|a 8812
|
| 264 |
|
1 |
|a Berlin ;
|a New York :
|b Springer-Verlag,
|c [1988]
|
| 264 |
|
4 |
|c ©1988
|
| 300 |
|
|
|a vii, 209 pages :
|b illustrations
|
| 336 |
|
|
|a text
|b txt
|2 rdacontent
|
| 337 |
|
|
|a unmediated
|b n
|2 rdamedia
|
| 338 |
|
|
|a volume
|b nc
|2 rdacarrier
|
| 490 |
1 |
|
|a Lecture notes in computer science ;
|v 341
|
| 504 |
|
|
|a Includes bibliographies.
|
| 650 |
|
0 |
|a Computer software
|x Reliability.
|
| 700 |
1 |
|
|a Bittanti, Sergio.
|
| 830 |
|
0 |
|a Lecture notes in computer science ;
|v 341.
|
| 999 |
|
|
|a MARS
|
| 999 |
f |
f |
|s 397dcf7b-fd67-34c4-a870-623ec43d09af
|i 0e50cbca-f969-34bf-a461-1b6f8a32764f
|t 0
|
| 952 |
f |
f |
|p ric
|a Texas A&M University
|b Rellis Campus
|c Joint Library Facility
|d Remote Storage
|t 0
|e QA76.76.R44 S66 1988
|h Library of Congress classification
|i unmediated -- volume
|m A14811899794
|
| 998 |
f |
f |
|a QA76.76.R44 S66 1988
|t 0
|l Remote Storage
|